| 000 | 01198nam a2200349Ia 4500 | ||
|---|---|---|---|
| 001 | Z_6606 | ||
| 003 | CHAP | ||
| 005 | 20241108114451.0 | ||
| 008 | 220113s2013 xx 000 0 und d | ||
| 010 | _a169877 | ||
| 040 | _cCHAP | ||
| 090 | _aTesis T67 2345 | ||
| 100 |
_aTorres Lechuga, María Elena _9114150 |
||
| 245 |
_aDiagnóstico mineral de unidades de producción ovina en Tepatitlán, Jalisco / _cMaría Elena Torres Lechuga |
||
| 260 |
_aMéxico : _bEl autor, _c2013 |
||
| 300 | _aCD | ||
| 502 | _aTesis (Maestro en Ciencias en Innovación Ganadera) -- UACh, 2013 \ Dirección: Maximino Huerta Bravo; asesoría: Rodolfo Ramírez Valverde y José Artemio Cadena Meneses | ||
| 650 |
_aAgua _92222 |
||
| 650 |
_aAlimento _9145342 |
||
| 650 |
_aGanado ovino _9139065 |
||
| 650 |
_aSuelo _9145086 |
||
| 650 |
_aSuero sanguineo _9110588 |
||
| 700 | 1 |
_a Cadena Meneses, José Artemio _9142550 |
|
| 700 | _a Ramírez Valverde. Rodolfo, asesor | ||
| 700 |
_aHuerta Bravo, Maximino, direccion _9145343 |
||
| 856 | 4 | 2 |
_uhttp://10.13.5.2/tesis/sist108830.pdf _yDescargar PDF |
| 901 | _aTESIS T67 2345 | ||
| 902 | _aA | ||
| 910 | _a2013 | ||
| 942 |
_c2 _2ddc |
||
| 942 |
_c2 _2ddc |
||
| 999 |
_c169877 _d169877 |
||